Slovensko v geopolitickom priestore. Orientácia na sociálno-ekonomické ciele.
Potreba rešpektovať skutočnosti, že deväť z desiatich faktorov existencie malého štátu podmieňujú okolnosti, resp. geopolitické dimenzie. Najdôležitejšie sú záujmy veľmocí, záujmy skupín kontrolujúcich medzinárodné finančné inštitúcie, kolektívna bezpečnosť štátu, zotrvačnosť ekonomiky a iné. Sloven...
Salvato in:
| Autore principale: | |
|---|---|
| Natura: | Capitolo di libro |
| Lingua: | slovacco |
| Soggetti: | |
| Tags: |
Nessun Tag, puoi essere il primo ad aggiungerne!!
|
MARC
| LEADER | 00000naa a2200000 4500 | ||
|---|---|---|---|
| 001 | r013378 | ||
| 005 | 20221214064818.8 | ||
| 041 | 0 | |a slo | |
| 044 | |a SK | ||
| 245 | 1 | 0 | |a Slovensko v geopolitickom priestore. |b Orientácia na sociálno-ekonomické ciele. |c A. Bracjun |
| 520 | |a Potreba rešpektovať skutočnosti, že deväť z desiatich faktorov existencie malého štátu podmieňujú okolnosti, resp. geopolitické dimenzie. Najdôležitejšie sú záujmy veľmocí, záujmy skupín kontrolujúcich medzinárodné finančné inštitúcie, kolektívna bezpečnosť štátu, zotrvačnosť ekonomiky a iné. Slovenské špecifikum v širších geopolitických dimenziách. Vytváranie a ochrana konkurenčného prostredia a jej vplyv na geopolitickú situáciu. Skúsenosti zo správania hlavných reprezentantov Východu a Západu. | ||
| 610 | 2 | 0 | |a politika medzinárodná |
| 610 | 2 | 0 | |a Slovensko |
| 610 | 2 | 0 | |a politika hospodárska |
| 610 | 2 | 0 | |a situácia hospodárska |
| 100 | 1 | |a Bracjun, Anatolij | |